000 00651nam a22002177a 4500
003 UA-OsUOA
001 73727
007 ta
008 20110315b un ||||| |||| 00| 0 ukr d
100 _aКоляда Т.
090 _a330(477)
_bК62
942 _cSA
040 _aUA-OsUOA
_brus
_cUA-OsUOA
_dUA-OsUOA
245 _aАльтернативные подходы к регулированию финансовой системы: налог Тобина
300 _aС.4
955 _a0
041 _arus
080 _a330(477)
773 0 _w73722
_tУкраїна- business
_dК.
_d2011
_g10
650 7 _a330 Економіка взагалі
_2UDC
999 _c360014
_d360014